Escenas y costumbres marroquíes / (Record no. 45851)
[ view plain ]
| 000 -LEADER | |
|---|---|
| campo de control de longitud fija | 00829nam a2200217 i 4500 |
| 001 - NÚMERO DE CONTROL | |
| campo de control | 45851 |
| 003 - IDENTIFICADOR DE NÚMERO DE CONTROL | |
| campo de control | ES-MaACL |
| 005 - FECHA Y HORA DE LA ÚLTIMA TRANSACCIÓN | |
| campo de control | 20250910063059.0 |
| 007 - CAMPO FIJO DE DESCRIPCIÓN FÍSICA--INFORMACIÓN GENERAL | |
| campo de control de longitud fija | t| |
| 008 - DATOS DE LONGITUD FIJA--INFORMACIÓN GENERAL | |
| campo de control de longitud fija | 030327s1950 sp ||||1| spa d |
| 100 1# - ENTRADA PRINCIPAL--NOMBRE DE PERSONA | |
| Nombre de persona | Cola Alberich, Julio, |
| Fechas asociadas al nombre | 1918-1992 |
| 9 (RLIN) | 39541 |
| 245 10 - MENCIÓN DEL TÍTULO | |
| Título | Escenas y costumbres marroquíes / |
| Mención de responsabilidad, etc. | Julio Cola Alberich. |
| 260 ## - PUBLICACIÓN, DISTRIBUCIÓN, ETC. | |
| Lugar de publicación, distribución, etc. | Madrid : |
| Nombre del editor, distribuidor, etc. | Instituto de Estudios Africanos : |
| -- | Consejo Superior de Investigaciones Científicas, |
| Fecha de publicación, distribución, etc. | 1950 ( |
| Fabricante | J. Pueyo) |
| 300 ## - DESCRIPCIÓN FÍSICA | |
| Extensión | 223 p. ; |
| Dimensiones | 21 cm. |
| 650 #4 - PUNTO DE ACCESO ADICIONAL DE MATERIA--TÉRMINO DE MATERIA | |
| Término de materia o nombre geográfico como elemento de entrada | Antropología cultural y social- |
| Subdivisión geográfica | Marruecos. |
| 9 (RLIN) | 9880 |
| 651 #4 - PUNTO DE ACCESO ADICIONAL DE MATERIA--NOMBRE GEOGRÁFICO | |
| Nombre geográfico | Marruecos- |
| Subdivisión geográfica | Usos y costumbres. |
| 9 (RLIN) | 161557 |
| 710 2# - ENTRADA AGREGADA--NOMBRE DE ENTIDAD CORPORATIVA | |
| Nombre de entidad corporativa o nombre de jurisdicción como elemento de entrada | Instituto de Estudios Africanos. |
| 9 (RLIN) | 4881 |
| 710 2# - ENTRADA AGREGADA--NOMBRE DE ENTIDAD CORPORATIVA | |
| Nombre de entidad corporativa o nombre de jurisdicción como elemento de entrada | Consejo Superior de Investigaciones Científicas (España) |
| 9 (RLIN) | 3236 |
| 852 ## - LOCALIZACIÓN | |
| Ubicación | ES-MaACL |
| Número de control de estantería | D-7689 |
| Sublocalización o colección | R.30662 |
| Estatus retirado | Estado de pérdida | Estado de daño | No para préstamo | Biblioteca de origen | Biblioteca actual | Ubicación en estantería | Fecha de adquisición | Fuente de adquisición | Total de préstamos | Signatura topográfica completa | Código de barras | Visto por última vez | Precio de reemplazo | Tipo de ítem Koha |
|---|---|---|---|---|---|---|---|---|---|---|---|---|---|---|
| Biblioteca del Ateneo de Madrid | Biblioteca del Ateneo de Madrid | Sala Valle Inclán | 17/01/2008 | D-7689 | 901048237 | 23/02/2023 | 23/02/2023 | Libro impreso |
